000
00342 a2200157 4500
001
65348
020
_a
853590753X
040
_c
Anchieta - Pituba
100
_a
Garcia-Roza, Luiz Alfredo
240
1
0
_a
Berenice procura
_l
245
1
0
_a
Berenice procura
300
_a
174
362
0
_a
2005
650
4
_a
Ficção brasileira
942
_c
BK
999
_c
65348
_d
65348